[Event "UTD GM Invitational"]
[Site "Dallas USA"]
[Date "2006.12.08"]
[Round "4"]
[White "Kiewra,K"]
[Black "Ramirez,Alej"]
[Result "1/2-1/2"]
[WhiteElo "2264"]
[BlackElo "2485"]

1.e4 c5 2.Nf3 Nc6 3.Bb5 e6 4.Bxc6 bxc6 5.d3 Ne7 6.O-O Ng6 7.Ng5 h6 8.Nh3 d5
9.Qh5 Qh4 10.Qxh4 Nxh4 11.f3 Ba6 12.Nd2 c4 13.dxc4 dxc4 14.Re1 g5 15.Nf1 c3
16.b3 O-O-O 17.Be3 Rg8 18.Nf2 Kb7 19.Rad1 Bb4 20.Bd4 Ng6 21.Bf6 Rxd1 22.Rxd1 Nf4
23.Rd7+ Ka8 24.Ng3 h5 25.Be5 h4 26.Bxf4 gxf4 27.Nh5 e5 28.Nd3 Bxd3 29.Rxd3 Bc5+
30.Kf1 h3 31.g4 fxg3 32.Nxg3 Bd4 33.Rd1 c5 34.Ke2 Kb7 35.Kd3 Kc6 36.Kc4 Kd6
37.a3 Ke6 38.b4 cxb4 39.axb4 Kf6 40.b5 Rc8+ 41.Kb4 Rg8 42.Kc4  1/2-1/2

[Event "UTD GM Invitational"]
[Site "Dallas USA"]
[Date "2006.12.09"]
[Round "5"]
[White "Stopa,Ja"]
[Black "Kuljasevic,D"]
[Result "1-0"]
[WhiteElo "2465"]
[BlackElo "2448"]

1.e4 c5 2.Nf3 Nc6 3.Bb5 Qc7 4.O-O a6 5.Bxc6 dxc6 6.d3 e5 7.Nbd2 Ne7 8.a4 a5
9.Nc4 Ng6 10.Be3 Be7 11.c3 Be6 12.b3 O-O 13.Qe2 b5 14.Ncd2 f5 15.Bg5 Rad8
16.axb5 cxb5 17.d4 fxe4 18.Nxe4 Bg4 19.Bxe7 Qxe7 20.Ned2 cxd4 21.cxd4 Rxd4
22.Qxb5 Bxf3 23.Nxf3 Rxf3 24.gxf3 h6 25.Qc6 Nh4 26.Kh1 Qf7 27.Rg1 Nxf3 28.Rg3 Ng5
29.Qc8+ Kh7 30.Qc2+ e4 31.Rxa5 Qf4 32.Ra2 h5 33.Ra5 h4 34.Raxg5 hxg3 35.Rxg3 Qf5
36.Kg2 Rd3 37.Qc7 Rd7 38.Qc6 Rf7 39.Qb6 Rf6 40.Qe3 Kg8 41.h3 Rd6 42.Qc3 g6
43.Qc4+ Kg7 44.b4 Rd3 45.Qc7+ Kf6 46.Qc5 Rxg3+ 47.Kxg3 Qf3+ 48.Kh2 Qe2 49.Qc3+ Kf7
50.Kg2 Qb5 51.Qc7+ Ke6 52.Qa5 Qe2 53.Qc5 Kf7 54.Qe3 Qc4 55.Qf4+ Ke6 56.Qg5 Kf7
57.b5 e3 58.fxe3 Qe2+ 59.Kg1 Qe1+ 60.Kh2 Qe2+ 61.Qg2 Qxb5 62.e4 Qe5+ 63.Kg1 Kf6
64.Qf3+ Ke7 65.Kg2 Qg5+ 66.Kf1 Qc1+ 67.Ke2 Qc2+ 68.Ke3 Qc1+ 69.Kd4 Qd2+ 70.Qd3 Qb4+
71.Ke3 Qe1+ 72.Kf3 Kf6 73.Qd6+ Kf7 74.Qf4+ Ke6 75.Qg3 Qd1+ 76.Kf4 Qd6+ 77.Kg4 Qd1+
78.Qf3 Qg1+ 79.Kh4 Qc1 80.Qg4+ Kf7 81.Qd7+ Kf6 82.Qd6+ Kf7 83.Kg4 Qc8+ 84.Kh4 Qh8+
85.Kg3 Qc3+ 86.Kg4 Qc8+ 87.Kg5 Qxh3 88.Qxg6+ Ke7 89.Qf6+ Ke8 90.Qe5+ Kf7
91.Qf5+  1-0

[Event "FSGM December"]
[Site "Budapest HUN"]
[Date "2006.12.11"]
[Round "10"]
[White "Smith,Bry"]
[Black "Banusz,T"]
[Result "1/2-1/2"]
[WhiteElo "2390"]
[BlackElo "2450"]

1.e4 c5 2.Nf3 Nc6 3.Bb5 g6 4.O-O Bg7 5.c3 Nf6 6.e5 Nd5 7.d4 cxd4 8.cxd4 Nc7
9.Ba4 O-O 10.Bf4 Ne6 11.Bg3 d5 12.Nc3 Na5 13.b4 Nc4 14.Bb3 a5 15.b5 Nb6 16.a4 Bh6
17.Ra2 Ng7 18.h3 Bf5 19.Nh2 Rc8 20.Ne2 Nh5 21.Bh4 Nf4 22.Ng4 Nxe2+ 23.Qxe2 Bg7
24.Ne3 Be4 25.f3 Rc3 26.Bc2 Bxc2 27.Rxc2 Rxc2 28.Qxc2 Qd7 29.Qc5 Nxa4 30.Qxd5 Rd8
31.Qb3 Nb6 32.Qa3 Rc8 33.Qxe7 Qxd4 34.Bf2 Qd7 35.Qxd7 Nxd7 36.f4 Bf8 37.Rd1 Nb6
38.Ng4 Bc5 39.Bxc5 Rxc5 40.Rd6 a4 41.e6 fxe6 42.Rxb6 a3 43.Nf6+ Kf7 44.Rxb7+  1/2-1/2

[Event "13th Open A"]
[Site "Zadar CRO"]
[Date "2006.12.11"]
[Round "1"]
[White "Pavasovic,D"]
[Black "Ljubicic,F"]
[Result "1-0"]
[WhiteElo "2575"]
[BlackElo "2404"]

1.e4 c5 2.Nf3 Nc6 3.Bb5 e6 4.O-O Nge7 5.c3 a6 6.Ba4 d5 7.exd5 Qxd5 8.d4 b5
9.c4 Qd6 10.cxb5 Nxd4 11.Nc3 Bd7 12.b6 Bxa4 13.Qxa4+ Qc6 14.Nxd4 Qxa4 15.Nxa4 cxd4
16.Bf4 Nc6 17.b7 Rd8 18.Rac1 e5 19.Rxc6 exf4 20.Rc8 Bd6 21.Re1+  1-0

[Event "GM Multicoms"]
[Site "Paris FRA"]
[Date "2006.12.13"]
[Round "1"]
[White "Fressinet,L"]
[Black "Maze,S"]
[Result "1-0"]
[WhiteElo "2640"]
[BlackElo "2510"]

1.e4 c5 2.Nf3 Nc6 3.Bb5 e6 4.c3 d5 5.Bxc6+ bxc6 6.Qa4 Bd7 7.d3 c4 8.dxc4 dxe4
9.Ne5 Bd6 10.Nxd7 Qxd7 11.Be3 c5 12.Qa6 Rc8 13.Nd2 f5 14.O-O-O Qc6 15.Qb5 a6
16.Qxc6+ Rxc6 17.Nb3 Be7 18.Na5 Rc8 19.Nb7 Rc6 20.Bf4 Nf6 21.Nd6+ Kf8 22.f3 Nh5
23.Be5 Bf6 24.Nb7 Kf7 25.Bxf6 Nxf6  1-0

[Event "TCh-NED 2006-7"]
[Site "Netherlands NED"]
[Date "2006.12.16"]
[Round "4"]
[White "Stellwagen,D"]
[Black "Blokhuis,J"]
[Result "1/2-1/2"]
[WhiteElo "2575"]
[BlackElo "2372"]

1.e4 c5 2.Nf3 Nc6 3.Bb5 g6 4.O-O Bg7 5.Re1 e5 6.b4 Nxb4 7.Bb2 Qc7 8.Nc3 Ne7
9.a3 Nbc6 10.Nd5 Qd8 11.Bxc6 Nxc6 12.d4 cxd4 13.c3 dxc3 14.Bxc3 O-O 15.Qd3 d6
16.Rab1 b6 17.Red1 Bg4 18.h3 Bxf3 19.Qxf3 Rc8 20.Qd3 Qd7 21.Rbc1 Ne7 22.Nxe7+ Qxe7
23.Bb4 Qd7 24.Qxd6 Qxd6 25.Bxd6 Rfd8 26.Be7 Rxd1+ 27.Rxd1 Bf8 28.Rd7 a6 29.Bxf8 Kxf8
30.Ra7 a5 31.Rb7 Rc1+ 32.Kh2 Rb1 33.Kg3 h5 34.Kh4 Kg7 35.g4 hxg4 36.hxg4 Rb3
37.a4 Kf6 38.g5+ Kg7 39.Kg4 Rb4 40.f3 Kf8 41.Kg3 Ke8 42.Kg4 Kf8 43.Kg3 Kg8
44.Kg4 Rxa4 45.Rxb6 Ra1 46.Rb5 Rg1+  1/2-1/2

[Event "TCh-NED 2006-7"]
[Site "Netherlands NED"]
[Date "2006.12.16"]
[Round "4"]
[White "Smeets,J"]
[Black "Wiersma,E"]
[Result "1/2-1/2"]
[WhiteElo "2532"]
[BlackElo "2425"]

1.e4 c5 2.Nf3 Nc6 3.Bb5 g6 4.O-O Bg7 5.Re1 Nf6 6.e5 Nd5 7.Nc3 Nc7 8.Bxc6 dxc6
9.Ne4 Ne6 10.d3 Qc7 11.Be3 b6 12.a3 O-O 13.Qd2 Rd8 14.b4 c4 15.d4 c5 16.d5 Bb7
17.Nc3 Rd7 18.bxc5 bxc5 19.Rad1 Rad8 20.Qe2 Bxd5 21.Nxd5 Rxd5 22.Rxd5 Rxd5
23.Qxc4 Qd7 24.Qe4 Rd1 25.a4 Rxe1+ 26.Nxe1 h5 27.Nd3 Nd4 28.Bxd4 cxd4 29.Nb2 Qc7
30.f4 Qc3 31.Nd3 Qxc2 32.Qxd4 Qd1+ 33.Kf2 Qd2+ 34.Kf3 Qd1+ 35.Kg3 f6 36.exf6 Bxf6
37.Qc4+ Kg7 38.Nf2 Qe1 39.Kf3 Qa1 40.Qe4 Qa3+ 41.Nd3 Qb3 42.g3 Qd1+ 43.Kg2 Qd2+
44.Kh3 Qd1 45.Kg2 Qd2+ 46.Kg1 Qd1+ 47.Kg2 Qd2+  1/2-1/2

[Event "TCh-NED 2006-7"]
[Site "Netherlands NED"]
[Date "2006.12.16"]
[Round "4"]
[White "Bosman,M"]
[Black "Nijboer,F"]
[Result "1/2-1/2"]
[WhiteElo "2339"]
[BlackElo "2598"]

1.e4 c5 2.Nf3 Nc6 3.Bb5 e6 4.O-O Nge7 5.Re1 a6 6.Bf1 Ng6 7.c3 Be7 8.d4 cxd4
9.cxd4 d5 10.Nc3 O-O 11.e5 Bd7 12.Be3 Rc8 13.Rc1 Na5 14.Nd2 Qb6 15.Rc2 f6
16.exf6 Bxf6 17.Nf3 Nc4 18.Bc1 Nd6 19.Ne5 Bxe5 20.dxe5 Nc4 21.h4 d4 22.Re4 dxc3
23.Bxc4 Nxe5 24.Be3 Qc7  1/2-1/2

[Event "6th Amplico AIG Life"]
[Site "Warsaw POL"]
[Date "2006.12.16"]
[Round "1"]
[White "Petkeviciute,J"]
[Black "Heberla,B"]
[Result "0-1"]
[WhiteElo "1912"]
[BlackElo "2569"]

1.e4 c5 2.Nf3 Nc6 3.Bb5 a6 4.Bxc6 dxc6 5.O-O Qc7 6.d3 e5 7.Be3 Bd6 8.Nbd2 Ne7
9.Nc4 Ng6 10.Nxd6+ Qxd6 11.Nd2 Be6 12.b3 Rd8 13.a4 b5 14.axb5 cxb5 15.Ra5 O-O
16.Qa1 Ra8 17.Qa3 b4 18.Qa1 Rfc8 19.Rd1 Rc6 20.Nc4 Qc7 21.Ra2 Bxc4 22.bxc4 a5
23.Ra4 Nf8 24.Qa2 Nd7 25.Ra1 Rca6 26.Qb1 Nb6 27.R4a2 a4 28.g3 Nd7 29.f4 exf4
30.Bxf4 Qb7 31.Qc1 Nf8 32.Be5 f6 33.Bf4 Ne6 34.Be3 Qd7 35.Qf1 a3 36.Qf2 Qd6
37.Rb1 Rf8 38.Rf1 Rf7 39.Qe2 Qe5 40.Qd2 Rd7 41.Qe1 b3 42.cxb3 Rxd3 43.Bf2 Ng5
44.Kg2 Rxb3 45.Qe2 Rab6 46.Rfa1 Rb2 47.Qg4 Qxe4+ 48.Qxe4 Nxe4 49.Rxb2 axb2  0-1

[Event "6th Amplico AIG Life"]
[Site "Warsaw POL"]
[Date "2006.12.16"]
[Round "2"]
[White "Kopczynski,M"]
[Black "Moiseenko,A1"]
[Result "0-1"]
[WhiteElo "2227"]
[BlackElo "2632"]

1.e4 c5 2.Nf3 Nc6 3.Bb5 d6 4.Bxc6+ bxc6 5.O-O Nf6 6.Nc3 e5 7.d3 Be7 8.Be3 O-O
9.Ne2 Ng4 10.Ng3 Nxe3 11.fxe3 g6 12.d4 cxd4 13.exd4 Qb6 14.Kh1 Qxb2 15.Rb1 Qc3
16.Rb3 Qa5 17.Qc1 Be6 18.Rb7 Bf6 19.Ng5 Qa6 20.Rxf6 Qxb7 21.Nf3 Rab8 22.Qh6 Qb1+
23.Ng1 Kh8 24.Rf1 Qxc2 25.Nf3 f6 26.Ng5 Bg8 27.h4 exd4 28.Nh5 gxh5 29.Rxf6 Rb2
30.Qxh7+ Bxh7 31.Rxf8+ Bg8  0-1

[Event "6th Amplico AIG Life"]
[Site "Warsaw POL"]
[Date "2006.12.16"]
[Round "5"]
[White "Zapolskis,A"]
[Black "Krasenkova,I"]
[Result "1-0"]
[WhiteElo "2377"]
[BlackElo "2195"]

1.e4 c5 2.Nf3 Nc6 3.Bb5 g6 4.O-O Bg7 5.Re1 e5 6.Bxc6 dxc6 7.h3 Qe7 8.d3 Nf6
9.Be3 O-O 10.a4 Rd8 11.Qc1 Ne8 12.a5 f6 13.Nbd2 Be6 14.b3 Nc7 15.Qa3 Bf8
16.Nc4 Nb5 17.Qc1 Nd4 18.Nfd2 Qd7 19.f4 Bxh3 20.gxh3 Qxh3 21.Bxd4 cxd4 22.Re2 Bh6
23.Rh2 Qg4+ 24.Rg2 Qxf4 25.Qf1 b5 26.axb6 axb6 27.Nxb6 Qe3+ 28.Kh1 Rxa1 29.Qxa1 Bf4
30.Nf1 Qh3+ 31.Rh2 Qf3+ 32.Kg1 Bxh2+ 33.Nxh2 Qg3+ 34.Kh1 Qf2 35.Qc1 Rb8 36.Na4 f5
37.exf5 Qxf5 38.Qe1 Rf8 39.Nc5 Ra8 40.Na4 Rf8 41.Qe2 h5 42.Nc5 Ra8 43.Na4 Rf8
44.Nb2 Ra8 45.Na4 Rf8 46.Qg2 Rf6 47.Nc5 Kh7 48.Ne4 Rf8 49.Nf3 Ra8 50.Neg5+ Kg7
51.Qg3 Ra1+ 52.Kh2 Rc1 53.Qg2 Qf4+ 54.Kh3 Qf5+ 55.Kh2 Qf4+ 56.Qg3 Rxc2+ 57.Kh3 Rc3
58.Ne6+ Kf6 59.Nxf4 exf4 60.Qxf4+ Kg7 61.Qxd4+ Kh6 62.Qxc3  1-0

[Event "6th Amplico AIG Life"]
[Site "Warsaw POL"]
[Date "2006.12.16"]
[Round "6"]
[White "Warakomski,T"]
[Black "Lavendelis,E"]
[Result "1-0"]
[WhiteElo "2446"]
[BlackElo "2235"]

1.e4 c5 2.Nf3 Nc6 3.Bb5 g6 4.Bxc6 dxc6 5.d3 Bg7 6.h3 Qc7 7.Nc3 e5 8.Be3 b6
9.Qd2 Ne7 10.Bh6 O-O 11.h4 f5 12.Bxg7 Kxg7 13.exf5 gxf5 14.O-O-O Nd5 15.Rde1 Re8
16.Qg5+ Kh8 17.Nxd5 cxd5 18.Nxe5 Qg7 19.Qf4 Be6 20.Rh3 Rg8 21.h5 Qf6 22.Ng6+ Kg7
23.Rg3 Kf7 24.Qc7+ Ke8 25.Qc6+ Kf7 26.Qb7+  1-0

[Event "6th Amplico AIG Life"]
[Site "Warsaw POL"]
[Date "2006.12.16"]
[Round "8"]
[White "Jaracz,B"]
[Black "Bobras,P"]
[Result "0-1"]
[WhiteElo "2267"]
[BlackElo "2527"]

1.e4 c5 2.Nf3 Nc6 3.Bb5 d6 4.O-O Bd7 5.c3 Nf6 6.Re1 a6 7.Bxc6 Bxc6 8.d4 Bxe4
9.Bg5 Bd5 10.Nbd2 c4 11.b3 b5 12.a4 cxb3 13.axb5 axb5 14.Qe2 Rb8 15.Bxf6 gxf6
16.Reb1 Bg7 17.Nxb3 O-O 18.Nbd2 Qc7 19.Ra3 e6 20.Rxb5 Bc4  0-1

[Event "6th Amplico AIG Life 13th-16th"]
[Site "Warsaw POL"]
[Date "2006.12.17"]
[Round "3"]
[White "Sulskis,S"]
[Black "Narmontas,M"]
[Result "1-0"]
[WhiteElo "2518"]
[BlackElo "2310"]

1.e4 c5 2.Nf3 Nc6 3.Bb5 g6 4.Bxc6 dxc6 5.d3 Bg7 6.h3 e5 7.a4 Ne7 8.a5 Bd7
9.Be3 b6 10.b4 cxb4 11.axb6 axb6 12.Bxb6 Qc8 13.Rxa8 Qxa8 14.Nbd2 Qa6 15.Nc4 Nc8
16.Be3 f6 17.O-O Be6 18.Nfd2 O-O 19.Bc5 Rd8 20.Bxb4 Qb5 21.Bc3 Nb6 22.Ba5 Nxc4
23.Bxd8 Nb2 24.Qa1 Qb4 25.Ba5 Qd4 26.Nf3 Qa4 27.Bc3  1-0

[Event "6th Amplico AIG Life"]
[Site "Warsaw POL"]
[Date "2006.12.17"]
[Round "9"]
[White "Dworakowska,J"]
[Black "Tomsia,K"]
[Result "1-0"]
[WhiteElo "2372"]
[BlackElo "1980"]

1.e4 c5 2.Nf3 Nc6 3.Bb5 Qc7 4.Nc3 e6 5.O-O Be7 6.Re1 d6 7.e5 a6 8.exd6 Bxd6
9.Nd5 Qd8 10.Bxc6+ bxc6 11.Ne3 Nf6 12.Nc4 Bc7 13.b3 O-O 14.Ba3 Qd5 15.d4 Nd7
16.dxc5 Qh5 17.Qd4 Bd8 18.Rad1 Bf6 19.Qd6 Ra7 20.Na5 Bc3 21.Nxc6 Rb7 22.Ne7+ Kh8
23.c6 Bxe1 24.Nxc8  1-0

[Event "6th Amplico AIG Life"]
[Site "Warsaw POL"]
[Date "2006.12.17"]
[Round "10"]
[White "Erenska Barlo,H"]
[Black "Cmilyte,V"]
[Result "0-1"]
[WhiteElo "2293"]
[BlackElo "2469"]

1.e4 c5 2.Nf3 Nc6 3.Bb5 e6 4.Bxc6 bxc6 5.d3 Qc7 6.O-O Ne7 7.b3 Ng6 8.Bb2 f6
9.Nbd2 Be7 10.Re1 O-O 11.Nc4 d5 12.Ne3 Bd6 13.c4 d4 14.Nf1 a5 15.a3 Rb8 16.Rb1 Bd7
17.Qc2 Rb6 18.Bc1 Bf4 19.Bb2 Rfb8 20.g3 Bh6 21.N1d2 Qb7 22.Ba1 Ne5 23.Kg2 Nxf3
24.Nxf3 Rxb3 25.Rxb3 Qxb3 26.Qxb3 Rxb3 27.Rd1 a4 28.e5 Kf7 29.Kf1 Ke7 30.Ke2 Be8
31.g4 Bf4 32.exf6+ gxf6 33.h3 Rxa3 34.Ne1 Bg6 35.Kf3 Bc7 36.Ke2 Ba5 37.Nf3 Bxd3+  0-1

[Event "13th Open A"]
[Site "Zadar CRO"]
[Date "2006.12.17"]
[Round "9"]
[White "Majeric,Z"]
[Black "Titz,Hei"]
[Result "1-0"]
[WhiteElo "2308"]
[BlackElo "2264"]

1.e4 c5 2.Nf3 Nc6 3.Bb5 d6 4.O-O Bd7 5.Re1 a6 6.Bxc6 Bxc6 7.c3 Nf6 8.d4 cxd4
9.cxd4 Bxe4 10.Bg5 Bc6 11.Bxf6 gxf6 12.d5 Bd7 13.Nc3 Bg7 14.Ne4 O-O 15.Ng3 Kh8
16.Nh4 Rg8 17.Qh5 Be8 18.Qe2 Bf8 19.Nhf5 e6 20.dxe6 fxe6 21.Qxe6 Bd7 22.Qf7 Bc6
23.Rad1 Rg6 24.h4 Rc8 25.h5 Rc7 26.Qe6 Bd7 27.Qe4 Rg5 28.Nxd6 Bxd6 29.Rxd6 Re5
30.Qb1 Qe7 31.Red1 Kg8 32.f4 Re1+ 33.Rxe1 Qxd6 34.Qe4 Bc6 35.Qe3 Qd5 36.Ne4 Qxe4
37.Qxe4 Bxe4 38.Rxe4 Kf7 39.a4 b5 40.axb5 axb5 41.Rb4 Rc5 42.g4 h6 43.Kf2 Ke6
44.Ke3 Kd6 45.Rd4+ Ke6 46.b4 Rc1 47.f5+ Ke5 48.Re4+ Kd5 49.Re6 Re1+ 50.Kf4 Rb1
51.Rxf6 Rxb4+ 52.Kg3 Rb3+ 53.Kh4 Ke4 54.Rxh6 Kf4 55.Rd6 Ke5 56.Rd1 Kf6 57.Re1 Rb2
58.Re6+ Kf7 59.h6 b4 60.Kg5 b3 61.Rb6 Rb1 62.Rb7+ Kf8 63.h7  1-0

[Event "44th National A ch-IND"]
[Site "Atul IND"]
[Date "2006.12.18"]
[Round "1"]
[White "Rathnakaran,K"]
[Black "Aswin,J"]
[Result "1-0"]
[WhiteElo "2422"]
[BlackElo "2322"]

1.e4 c5 2.Nf3 Nc6 3.Bb5 g6 4.O-O Bg7 5.Re1 e5 6.c3 Nge7 7.d3 O-O 8.Be3 d6
9.h3 h6 10.Nbd2 f5 11.exf5 gxf5 12.Nf1 Be6 13.Ba4 Nd5 14.Bd2 Qf6 15.Ng3 Bh8
16.Bc2 Bf7 17.a4 Rae8 18.a5 Nc7 19.Ra4 d5 20.Bxh6 Qxh6 21.Nxf5 Qh5 22.Rg4+ Bg6
23.N5h4 Re6 24.d4 e4 25.Ng5 Ref6 26.Nxe4 dxe4 27.Rxg6+ Qxg6 28.Nxg6 Rxg6
29.Bxe4 Rgf6 30.d5 Nd8 31.Qh5 R8f7 32.Re3 Bg7 33.Bg6 Rd7 34.c4 Rdd6 35.Bd3 Kf8
36.Qg4 Rf7 37.Qc8 Bd4 38.Re2 Na6 39.Qg4 Rdf6 40.Qh4 Kg7 41.Qh7+ Kf8 42.Qh8+  1-0

[Event "44th National A ch-IND"]
[Site "Atul IND"]
[Date "2006.12.18"]
[Round "1"]
[White "Neelotpal,D"]
[Black "Harika,D"]
[Result "1/2-1/2"]
[WhiteElo "2490"]
[BlackElo "2353"]

1.e4 c5 2.Nf3 Nc6 3.Bb5 g6 4.Bxc6 dxc6 5.h3 Bg7 6.d3 Nf6 7.Nc3 Nd7 8.Be3 e5
9.Qd2 Qe7 10.a3 Nf8 11.Na4 b6 12.b4 Ne6 13.O-O O-O 14.Nh2 Nd4 15.Kh1 Be6
16.b5  1/2-1/2

[Event "Sub-Zt 2.3.4"]
[Site "Bogota COL"]
[Date "2006.12.18"]
[Round "1"]
[White "Alvarez,Ja"]
[Black "Tapia,D"]
[Result "0-1"]
[WhiteElo "2071"]
[BlackElo "2295"]

1.e4 c5 2.Nf3 Nc6 3.Bb5 e6 4.O-O Nge7 5.Re1 a6 6.Bf1 d5 7.exd5 Nxd5 8.d4 Be7
9.a3 O-O 10.dxc5 Bxc5 11.c4 Nf6 12.Qxd8 Rxd8 13.Bg5 Nd4 14.Nxd4 Bxd4 15.Nc3 Bd7
16.Rac1 Bc6 17.b4 Ng4 18.Re2 f6 19.Bh4 g5 20.Bg3 h5 21.h3 Ne5 22.Rd2 h4 23.Rcd1 hxg3
24.Rxd4 gxf2+ 25.Kxf2 Rxd4 26.Rxd4 f5 27.a4 Kf7 28.a5 Be8 29.Rd6 Rc8 30.c5 Ke7
31.Be2 Bc6 32.Nd1 Rh8 33.Rd4 Nd7 34.Bc4 Nf6 35.Nc3 g4 36.Rd6 Bd7 37.hxg4 Nxg4+
38.Kg1 Nh6 39.Bb3 Rg8 40.Ne2 Nf7 41.Rd2 Ng5 42.Nd4 Rg6 43.Re2 Ne4 44.Bc2 Rg4
45.Bxe4 fxe4 46.Re3 e5 47.Ne2 Bc6 48.Kf2 Ke6 49.Nc3 Kf5 50.Ne2 Rg7 51.Ng3+ Kf4
52.Nh5+ Kf5 53.Ng3+ Ke6 54.Rb3  0-1

[Event "XIX Carlos Torre Mem KO"]
[Site "Merida MEX"]
[Date "2006.12.19"]
[Round "2.5"]
[White "De la Paz,F"]
[Black "Tiviakov,S"]
[Result "1-0"]
[WhiteElo "2442"]
[BlackElo "2680"]

1.e4 c5 2.Nf3 Nc6 3.Bb5 d6 4.O-O Bd7 5.Re1 Nf6 6.c3 a6 7.Bf1 Bg4 8.d4 cxd4
9.cxd4 d5 10.e5 Ng8 11.Nc3 e6 12.Be3 Nge7 13.h3 Bh5 14.g4 Bg6 15.Nh4 Nc8
16.Ng2 Bb4 17.Rc1 N8e7 18.a3 Ba5 19.b4 Bc7 20.f4 O-O 21.Qd2 b5 22.Nh4 f5
23.Bg2 Bb6 24.Ne2 Rc8 25.Ng3 Qd7 26.Kh2 Rc7 27.Bf3 Rfc8 28.gxf5 Bxf5 29.Ngxf5 Nxf5
30.Nxf5 exf5 31.Rg1 Nxd4 32.Bxd4 Bxd4 33.Rgd1 Rxc1 34.Rxc1 Rxc1 35.Qxc1 g6
36.Qd2 Qa7 37.Bxd5+ Kg7 38.e6 Kf6 39.Qe2 Qc7 40.Kg3 g5 41.e7 gxf4+ 42.Kg2 Qxe7
43.Qxe7+ Kxe7 44.Bb7 Bb2 45.Bxa6 Bxa3 46.Bxb5 Bxb4 47.Kf3 Bd6 48.Bd3 Kf6
49.Bc4 Kg5 50.Bf1 Kh4 51.Bg2 Be5 52.Bf1 Bd6 53.Bg2 Be5 54.Bf1 Bd6 55.Kf2  1-0

[Event "XIX Carlos Torre Mem KO"]
[Site "Merida MEX"]
[Date "2006.12.19"]
[Round "2.4"]
[White "De la Paz,F"]
[Black "Tiviakov,S"]
[Result "1-0"]
[WhiteElo "2442"]
[BlackElo "2680"]

1.e4 c5 2.Nf3 Nc6 3.Bb5 d6 4.O-O Bd7 5.Re1 Nf6 6.c3 a6 7.Bf1 Bg4 8.d3 Bxf3
9.Qxf3 g6 10.Qd1 Qb6 11.Nd2 Bg7 12.Nc4 Qc7 13.a4 O-O 14.a5 Rad8 15.Bf4 Nd7
16.Bg3 Nde5 17.Ne3 e6 18.f4 Nd7 19.Nc4 f5 20.exf5 exf5 21.Bh4 Bf6 22.Bxf6 Nxf6
23.Qb3 Kg7 24.g3 Rfe8 25.Bg2 Rxe1+ 26.Rxe1 d5 27.Qb6 Qxb6 28.Nxb6 Kf7 29.Na4 c4
30.dxc4 dxc4 31.Bxc6 bxc6 32.Nb6 Ne4 33.Nxc4 c5 34.Kg2 Ke6 35.Kf3 h5 36.Ke3 Rh8
37.Rd1 h4 38.g4 h3 39.g5 Rb8 40.Rd3 Rb3 41.Ke2 Rb8 42.Rxh3 Rb3 43.Rh6 Kd5
44.Ne3+ Ke6 45.Nd1 Kf7 46.Rh7+ Kg8 47.Ra7 c4 48.Rxa6 Kf7 49.Rc6 Rb5 50.a6 Ra5
51.Ne3 Nc5 52.Nxc4 Nxa6 53.Ne5+ Ke8 54.Rxg6 Nc5 55.b4 Ra2+ 56.Ke3 Ne4 57.h4 Nxc3
58.Re6+ Kf8 59.Rf6+ Ke7 60.Rxf5 Nd5+ 61.Ke4 Ke6 62.Rf8 Re2+ 63.Kf3 Re3+ 64.Kg4 Rb3
65.g6 Nf6+ 66.Kg5 Rg3+ 67.Kh6 Rh3 68.Kg7 Nh5+ 69.Kg8 Rxh4 70.Nf3 Rxf4 71.Rxf4 Nxf4
72.g7 Nh5 73.Kh7 Nf6+ 74.Kh8 Kd5 75.Ne1 Kc4 76.Nc2 Kb5 77.g8=Q Nxg8 78.Kxg8 Kc4
79.Kf7  1-0

[Event "XIX Carlos Torre Mem"]
[Site "Merida MEX"]
[Date "2006.12.20"]
[Round "8"]
[White "Duarte Barahona,R"]
[Black "Hungaski,R"]
[Result "0-1"]
[WhiteElo "2067"]
[BlackElo "2366"]

1.e4 c5 2.Nf3 Nc6 3.Bb5 g6 4.O-O Bg7 5.c3 Nf6 6.Re1 O-O 7.d3 a6 8.Ba4 b5
9.Bc2 e5 10.a4 Rb8 11.axb5 axb5 12.d4 d6 13.h3 Nd7 14.Be3 Qc7 15.d5 Ne7 16.Na3 c4
17.b4 f5 18.exf5 gxf5 19.Bg5 Nf6 20.Bxf6 Bxf6 21.Qd2 Ng6 22.Kh2 Qg7 23.Rg1 Kh8
24.Rad1 Rg8 25.Qc1 Bd7 26.Kh1 Nf4 27.Qb1 e4 28.Bxe4 fxe4 29.Qxe4 Nd3  0-1

[Event "Sub-Zt 2.3.4"]
[Site "Bogota COL"]
[Date "2006.12.21"]
[Round "6"]
[White "Vittorino,C"]
[Black "Mendoza,Raf"]
[Result "1/2-1/2"]
[WhiteElo "2328"]
[BlackElo "2387"]

1.e4 c5 2.Nf3 Nc6 3.Bb5 e6 4.Bxc6 bxc6 5.O-O d6 6.e5 d5 7.d3 Ne7 8.c4 Nf5
9.Nc3 Be7 10.b3 g5 11.Ba3 g4 12.Nd2 Qa5 13.Na4 Ba6 14.Bb2 h5 15.Qc2 Rd8 16.Qc3 Qb4
17.Rad1 h4  1/2-1/2

[Event "44th National A ch-IND"]
[Site "Atul IND"]
[Date "2006.12.22"]
[Round "6"]
[White "Arun Prasad,S"]
[Black "Gopal,G"]
[Result "1/2-1/2"]
[WhiteElo "2424"]
[BlackElo "2397"]

1.e4 c5 2.Nf3 Nc6 3.Bb5 d6 4.O-O Bd7 5.Re1 Nf6 6.c3 a6 7.Bf1 Bg4 8.h3 Bxf3
9.Qxf3 g6 10.Qd1 Qb6 11.d3 Bg7 12.Nd2 O-O 13.a4 Qc7 14.Nf3 e5 15.Qc2  1/2-1/2

[Event "Sub-Zt 2.3.4"]
[Site "Bogota COL"]
[Date "2006.12.22"]
[Round "8"]
[White "Renteria,J"]
[Black "Tapia,D"]
[Result "0-1"]
[WhiteElo "2302"]
[BlackElo "2295"]

1.e4 c5 2.Nf3 Nc6 3.Bb5 e6 4.Bxc6 bxc6 5.O-O Ne7 6.d3 Ng6 7.Re1 Be7 8.e5 O-O
9.Nc3 f6 10.exf6 gxf6 11.Bh6 Rf7 12.h4 Bf8 13.Qd2 Rb8 14.h5 Ne7 15.Bxf8 Qxf8
16.d4 cxd4 17.Nxd4 e5 18.Nb3 d5 19.f4 e4 20.Qf2 Nf5 21.Nd1 Qh6 22.Na5 Bd7
23.Ne3 Qxh5 24.Nxf5 Qxf5 25.Nb3 Kh8 26.c4 Rg7 27.Nd4 Qh5 28.cxd5 Rbg8 29.Re2 Qxd5
30.Nc2 Bh3 31.Ne3 Qc5 32.Kh2 Bxg2 33.Nxg2 Rxg2+ 34.Qxg2 Qh5+ 35.Kg1 Qxe2  0-1

[Event "13th Int"]
[Site "Tuzla BIH"]
[Date "2006.12.24"]
[Round "2"]
[White "Nurkic,S"]
[Black "Budimir,Bor"]
[Result "1/2-1/2"]
[WhiteElo "2404"]
[BlackElo "2319"]

1.e4 c5 2.Nf3 Nc6 3.Bb5 g6 4.O-O Bg7 5.Re1 Nf6 6.Nc3 O-O 7.d3 Ng4 8.h3 Nge5
9.Nxe5 Bxe5 10.Bh6 Re8 11.Qd2 a6 12.Bc4 b5 13.Bd5 b4 14.Nd1 Bb7 15.Bf4 Qc7
16.Bxe5 Qxe5 17.c3 Rab8 18.f4 Qf6 19.Ne3 d6 20.Ng4 Qh4 21.f5 Ne5 22.Nxe5 dxe5
23.Bxb7 Rxb7 24.fxg6 hxg6 25.Qe3 bxc3 26.bxc3 Rd8  1/2-1/2

[Event "Masters"]
[Site "Singapore SIN"]
[Date "2006.12.26"]
[Round "1"]
[White "Chua Zheng Yuan,T"]
[Black "Gunsen,B"]
[Result "1/2-1/2"]
[WhiteElo "1998"]
[BlackElo "2231"]

1.e4 c5 2.Nf3 Nc6 3.Bb5 g6 4.O-O Bg7 5.Bxc6 dxc6 6.Re1 e5 7.d3 f6 8.Nbd2 Nh6
9.Nf1 Bg4 10.h3 Bxf3 11.Qxf3 Nf7 12.Ne3 Ng5 13.Qg4 Qd7 14.Nc4 Ne6 15.Be3 O-O-O
16.a4 Nd4 17.Qxd7+ Rxd7 18.Bxd4 Rxd4 19.Nd2  1/2-1/2

[Event "Masters"]
[Site "Singapore SIN"]
[Date "2006.12.26"]
[Round "1"]
[White "Siregar,N"]
[Black "Islam,Ru"]
[Result "1/2-1/2"]
[WhiteElo "2281"]
[BlackElo "2084"]

1.e4 c5 2.Nf3 Nc6 3.Bb5 a6 4.Bxc6 dxc6 5.d3 Bg4 6.h3 Bh5 7.Be3 e6 8.Nbd2 Nf6
9.Qe2 a5 10.g4 Bg6 11.Ne5 Nd7 12.Nxd7 Qxd7 13.f4 f6 14.O-O-O a4 15.Qf2 a3
16.b3 Qc7 17.f5 Bf7 18.Bxc5 Qa5 19.Bxf8 Kxf8 20.Nc4 Qc3 21.Qe1 Qa1+ 22.Kd2 Qd4
23.Qe3 Qd8 24.fxe6 Bxe6 25.Kc1 Qe7 26.Rhf1 Bxc4 27.dxc4 Kf7 28.g5 Qe5 29.c3 Rad8
30.gxf6 gxf6 31.Rd4 Rhg8 32.Rxd8 Rxd8 33.Kc2 Rg8 34.b4 Qh2+ 35.Rf2 Rg2 36.Rxg2 Qxg2+
37.Qd2 Qxe4+ 38.Kb3 Ke7 39.Kxa3 Qxc4 40.Qe3+ Kd7 41.Kb2 f5 42.a4 f4 43.Qf3 Kc7
44.a5 Kd6 45.Kc2 Qa2+ 46.Kd3 Qb1+ 47.Kd2 Qb2+ 48.Kd3 Qb1+ 49.Kd2 Qb2+ 50.Kd3 Qb1+  1/2-1/2

[Event "Masters"]
[Site "Singapore SIN"]
[Date "2006.12.26"]
[Round "2"]
[White "Zhang Zhong"]
[Black "Gloria,E"]
[Result "1-0"]
[WhiteElo "2609"]
[BlackElo "2292"]

1.e4 c5 2.Nf3 Nc6 3.Bb5 g6 4.Bxc6 bxc6 5.O-O Bg7 6.Re1 Nh6 7.c3 O-O 8.d4 cxd4
9.cxd4 d6 10.h3 f6 11.Nbd2 Nf7 12.b3 e5 13.Bb2 a5 14.Rc1 Ra6 15.Nb1 Be6 16.Nc3 Qa8
17.Na4 Rc8 18.Qd3 Bf8 19.Rc2 Qb7 20.Nd2 Be7 21.Qe3 Bf8 22.Qf3 Kg7 23.Nc4 Be7
24.Qg3 Qa7 25.dxe5 fxe5 26.Rd1 Qb8 27.Ba3 Bxc4 28.bxc4 c5 29.Rb2 Qc7 30.Nc3 Qd7
31.Rdb1 Ra7 32.Nd5 Rf8 33.Qd3 Ng5 34.Rd2 Bd8 35.Ne3 Qa4 36.Rb3 Nf7 37.Nd5 Qd7
38.Rb5 Qe6 39.Bb2 Kg8 40.a4 Bg5 41.Re2 Nd8 42.Qg3 h6 43.h4 Bf4 44.Qd3 h5
45.Nxf4 Rxf4 46.Bc1 Rf8 47.Qd5 Raf7 48.Bh6 Re8 49.Rb8 Qg4 50.Re3 Qd7 51.Rf3 Ne6
52.Rxf7 Qxf7 53.Qxd6 Rxb8 54.Qxb8+ Kh7 55.Be3 Nd4 56.Qxe5 Qxc4 57.Qe7+ Kg8
58.Qe8+ Kg7 59.Bh6+ Kh7 60.Bg5 Qe6 61.Qf8  1-0

[Event "Masters"]
[Site "Singapore SIN"]
[Date "2006.12.26"]
[Round "2"]
[White "Zhang Jilin"]
[Black "Zhang Pengxiang"]
[Result "0-1"]
[WhiteElo "2292"]
[BlackElo "2636"]

1.e4 c5 2.Nf3 Nc6 3.Bb5 e6 4.O-O Nge7 5.Re1 a6 6.Bf1 d5 7.exd5 Qxd5 8.Nc3 Qd8
9.b3 Nf5 10.Bb2 Be7 11.Ne4 O-O 12.Ne5 Nxe5 13.Bxe5 Bd7 14.Qg4 f6 15.Bb2 Nd4
16.Bxd4 cxd4 17.Ng3 f5 18.Qf3 b5 19.c3 Qb6 20.cxd4 Qxd4 21.Rac1 Ba3 22.Rc3 Rad8
23.Rd3 Qb6 24.Nh5 Bc8 25.Qg3 Bb2 26.a4 Rxd3 27.Bxd3 Rd8 28.axb5 axb5 29.Qf3 e5
30.Qe2 f4 31.Bxb5 g6 32.Bc4+ Kh8 33.d3 Bd4 34.Nxf4 exf4 35.Qf3 Rf8 36.Re7 Qc5
37.Re1 Bd7 38.Re2 Bc6  0-1